<?xml version="1.0" encoding="UTF-8"?>
<record
    xmlns:xsi="http://www.w3.org/2001/XMLSchema-instance"
    xsi:schemaLocation="http://www.loc.gov/MARC21/slim http://www.loc.gov/standards/marcxml/schema/MARC21slim.xsd"
    xmlns="http://www.loc.gov/MARC21/slim">

  <leader>00661nam a22001817a 4500</leader>
  <datafield tag="999" ind1=" " ind2=" ">
    <subfield code="c">193987</subfield>
    <subfield code="d">193987</subfield>
  </datafield>
  <controlfield tag="005">20221130123649.0</controlfield>
  <datafield tag="010" ind1=" " ind2=" ">
    <subfield code="a">ENG-135749</subfield>
  </datafield>
  <datafield tag="020" ind1=" " ind2=" ">
    <subfield code="a">9788184621358</subfield>
    <subfield code="c">799.00</subfield>
  </datafield>
  <datafield tag="035" ind1=" " ind2=" ">
    <subfield code="a">EN-119281</subfield>
  </datafield>
  <datafield tag="037" ind1=" " ind2=" ">
    <subfield code="b">DBAD/PUB</subfield>
  </datafield>
  <datafield tag="082" ind1=" " ind2=" ">
    <subfield code="a">297.1226</subfield>
  </datafield>
  <datafield tag="100" ind1=" " ind2=" ">
    <subfield code="a">Fazalbhoy, Moorad</subfield>
  </datafield>
  <datafield tag="245" ind1=" " ind2=" ">
    <subfield code="a">A respite before infinity:</subfield>
    <subfield code="b">everyday reflections/</subfield>
    <subfield code="c">by Moorad Fazalbhoy</subfield>
  </datafield>
  <datafield tag="260" ind1=" " ind2=" ">
    <subfield code="a">Prabhadevi</subfield>
    <subfield code="b">Vakils, Feffer and Simons Pvt. Ltd.</subfield>
    <subfield code="c">2016</subfield>
  </datafield>
  <datafield tag="270" ind1=" " ind2=" ">
    <subfield code="a">Industry Manor, Appasaheb Marathe Marg</subfield>
    <subfield code="b">Mumbai</subfield>
    <subfield code="e">400025</subfield>
    <subfield code="k">00912224306780</subfield>
    <subfield code="m">info@vakilspublicaitons.com</subfield>
  </datafield>
  <datafield tag="300" ind1=" " ind2=" ">
    <subfield code="a">568p.</subfield>
    <subfield code="c">23cm(hbk)</subfield>
    <subfield code="b">Glossary, Bibliography and Index</subfield>
  </datafield>
  <datafield tag="942" ind1=" " ind2=" ">
    <subfield code="2">ddc</subfield>
    <subfield code="c">EN</subfield>
    <subfield code="h">297.1226</subfield>
    <subfield code="m">FAZ</subfield>
  </datafield>
  <datafield tag="952" ind1=" " ind2=" ">
    <subfield code="0">0</subfield>
    <subfield code="1">0</subfield>
    <subfield code="4">0</subfield>
    <subfield code="7">0</subfield>
    <subfield code="8">NFIC</subfield>
    <subfield code="a">AG</subfield>
    <subfield code="b">AG</subfield>
    <subfield code="d">2022-11-30</subfield>
    <subfield code="e">DBAD/PUB</subfield>
    <subfield code="g">799.00</subfield>
    <subfield code="l">0</subfield>
    <subfield code="o">297.1226 FAZ </subfield>
    <subfield code="p">EN-119281</subfield>
    <subfield code="r">2022-11-30 00:00:00</subfield>
    <subfield code="t">1</subfield>
    <subfield code="v">799.00</subfield>
    <subfield code="y">EN</subfield>
  </datafield>
</record>
